000 00622nam a2200193 i 4500
001 124546
003 ES-MaACL
007 t|
008 070329s1936 sp ||||1| spa d
100 0 _aTomás de Aquino,
_cSanto
_9110514
245 1 3 _aLa Ley /
_cSanto Tomás de Aquino ; versión castellana y notas explicativas de Constantino Fernández-Alvar.
260 _aBarcelona :
_bLabor,
_c[1936]
300 _a250 p. ;
_c17 cm.
490 1 _aColección Labor ;
_v389
700 1 _aFernández Alvar, Constantino.
_949450
830 0 0 _aColección Labor
_v389
_9184254
852 _aES-MaACL
_jE-2858
999 _c124546
_d124546